000 00293nab a22001097u 4500
008 130520b1990 xxu||||| |||| 00| 0 spa d
041 _aspa
100 1 _aFuchs, G.
_967440
245 0 0 _a¿Fracasa Dios?
_cG. Fuchs
773 0 _tConcilium
_gV.2,1990,págs.345-357
_x0210-1041
_wRev134
942 _cAR
999 _c355563
_d355563